| 000 | 00717nam a2200229 a 4500 | ||
|---|---|---|---|
| 001 | 000024545 | ||
| 005 | 20200930023229.0 | ||
| 008 | 110131s1974 sp c r 000 0 spa d | ||
| 020 | _a8432024112 | ||
| 040 |
_aDO-SdBNP _bspa _cBNPHU |
||
| 082 |
_axxxxxx _bR766m |
||
| 100 | 1 |
_aRomo, Ignacio R. _950303 |
|
| 245 | 1 | 3 |
_aLa medicina espacial / _cIgnacio R. Romo ; prólogo Adolfo Azoy. |
| 260 |
_aBarcelona : _bPlaneta, _c1974. |
||
| 300 |
_a172 p. ; : _bretrs. ; _c20 cm. |
||
| 490 | 1 | _aDifusión cultural planeta. | |
| 500 | _aIncluye bibliografía. | ||
| 500 | _aIncluye notas al pie de las páginas. | ||
| 700 | 1 |
_aAzoy, Adolfo, _epról. _950304 |
|
| 830 | 0 |
_aDifusión cultural planeta. _945464 |
|
| 049 | _aBNGR | ||
| 999 |
_c24038 _d24038 |
||